Latvian Cities by their Estonian Names - Statistics

General Stats
  • This quiz has been taken 31 times
  • The average score is 9 of 15
Answer Stats
Estonian city name Latvian city name % Correct
Riia Riga
100%
Valga Valka
95%
Väinalinn Daugavpils
84%
Volmari Valmiera
84%
Liibavi Liepāja
79%
Miitavi Jelgava
68%
Vindavi Ventspils
63%
Räisaku Rēzekne
58%
Võnnu Cēsis
47%
Lemsalu Limbaži
47%
Alulinna Alūksne
42%
Lutsi Ludza
42%
Kulna Gulbene
32%
Üksküla Ikšķile
21%
Miltina Smiltene
21%
No matching quizzes found
Score Distribution
Percent of People with Each Score
Percentile by Number Answered
Your Score History
You have not taken this quiz